{"text_format":"3","workbook":"xlsx","n_sheets":1,"sheets":["Sheet1"],"read":"whole","date_system":"1900"}

{"sheet":"Sheet1","index":0,"n_rows":45,"n_cols":23,"rows_kept":45,"merged":[[0,0,0,23]]}
["Table 4. Clinical features of patients who developed progressive spinal deformity following SCTs resection"]
["Case（#）","Sex","Age（yrs）","Spinal segment(C/T/L/S)","Tumor\nlocatIon (I/E)","Preop Spinal Deformity (yes/no)","Types of preoperative spinal deformity(yes/no)","Sugery methods"," Number of levels","Surgeon","Types of postoperative spinal deformity","Time of spinal deformity in mos","Symptoms of occuranceof radiological deformity(yes/no)","Pathology","Grade","Extent of tumor resection","Clinical\nStatus","Postoperative brace fixation(yes/no)","Postoperative spinal fusion(yes/no)","Pre-op MMS","MMS at FU","CSF leak","FU(mos)"]
[1,"M",33,"L","E","no","no","Laminoplasty",3,"Dr. Lin ","kyphosis",10,"no","Cyst","low","GTR","Improved","yes","no",4,2,"No",10]
[2,"M",83,"L","I","no","no","Laminoplasty",1,"Dr. Lin ","lordosis",32,"no","Neurinoma","low","GTR","Improved","yes","no",3,1,"No",32]
[3,"F",54,"C","I","no","no","Laminoplasty",4,"Dr. Gao ","kyphosis",3,"no","Neurinoma","low","GTR","Improved","yes","no",3,1,"No",7]
[4,"M",55,"T","I","no","no","Laminoplasty",2,"Dr. Cui ","kyphosis",32,"no","Meningioma","low","GTR","Improved","yes","no",2,1,"No",32]
[5,"M",50,"L","I","no","no","Laminoplasty",1,"Dr. Wu ","lordosis",3,"no","Neurinoma","low","GTR","Improved","yes","no",2,1,"No",7]
[6,"M",11,"T","I","yes","Scoliosis","Laminoplasty",2,"Dr. Lin ","Scoliosis；kyphosis",29,"yes","Neurinoma","low","GTR","Improved","no","no",2,1,"No",52]
[7,"F",7,"CT","I","no","no","Laminoplasty",7,"Dr. Lin ","kyphosis",4,"no","Ependymoma","High","GTR","Improved","yes","no",3,1,"No",6]
[8,"M",11,"T","I","yes","Scoliosis","Laminoplasty",2,"Dr. Lin ","Scoliosis；kyphosis",6,"no","Neurinoma","low","GTR","Improved","no","no",2,1,"no",48]
[9,"M",8,"T","I","no","no","Laminoplasty",3,"Dr. Wu ","kyphosis",3,"no","Neurinoma","low","GTR","Improved","yes","no",4,2,"no",3]
[10,"M",20,"C","I","yes","Scoliosis","Laminoplasty",2,"Dr. Lin ","Scoliosis；lordosis",6,"no","Neurinoma","low","GTR","Improved","yes","no",2,1,"no",7]
[11,"F",3,"L","I","no","no","Laminoplasty",2,"Dr. Cui ","lordosis",5,"no","Other","high","GTR","Improved","yes","no",3,1,"no",6]
[12,"F",13,"T","I","no","no","Laminoplasty",2,"Dr. Lin ","kyphosis",3,"yes","Other","low","GTR","improved","yes","no",3,2,"no",11]
[13,"M",13,"CT","I","no","no","Laminoplasty",3,"Dr. Lin ","kyphosis",4,"no","glioma","high","Partial resection","Improved","yes","no",3,1,"no",21]
[14,"F",41,"T","I","no","no","Laminoplasty",2,"Dr. Lin ","kyphosis",14,"no","Ependymoma","high","GTR","improved","yes","no",3,1,"no",14]
[15,"F",30,"CT","I","no","no","Laminoplasty",10,"Dr. Lin ","kyphosis",2,"no","Ependymoma","high","GTR","improved","yes","no",3,1,"no",25]
[16,"M",16,"C","E","no","no","Laminoplasty",2,"Other","kyphosis",27,"no","Neurinoma","low","GTR","improved","yes","no",3,1,"no",39]
[17,"M",29,"T","I","yes","Scoliosis","Laminoplasty",3,"Dr. Lin ","Scoliosis；kyphosis",6,"no","Other","high","GTR","Improved","yes","no",3,1,"no",6]
[18,"F",43,"L","I","no","no","Laminoplasty",2,"Dr. Cui ","lordosis",15,"no","Neurinoma","low","GTR","Improved","yes","no",3,1,"no",27]
[19,"F",25,"C","E","no","no","Laminoplasty",3,"Dr. Wu ","kyphosis",39,"no","Cyst","low","GTR","Improved","yes","no",2,1,"no",39]
[20,"M",12,"L","I","no","no","Laminoplasty",7,"Dr. Lin ","lordosis",2,"no","Immature teratoma","high","GTR","Improved","no","no",5,4,"no",3]
[21,"F",42,"T","I","no","no","Laminoplasty",3,"Dr. Meng ","kyphosis",26,"yes","Meningioma","low","GTR","Worsen","yes","no",3,4,"no",28]
[22,"M",10,"TL","I","yes","kyphosis","Laminoplasty",2,"Dr. Lin ","kyphosis",3,"yes","Cyst","low","GTR","Improved","yes","yes",2,1,"no",24]
[23,"F",48,"L","I","no","no","Laminoplasty",1,"Dr. Lin ","lordosis",14,"no","Neurinoma","low","GTR","Improved","yes","no",3,1,"no",14]
[24,"F",14,"TL","I","no","Scoliosis","Laminoplasty",2,"Dr. Lin ","Scoliosis；lordosis",60,"no","Cyst","low","GTR","Improved","yes","yes",2,1,"no",60]
[25,"F",62,"C","I","no","no","Laminoplasty",3,"Other","kyphosis",2,"no","Meningioma","low","GTR","Improved","yes","no",3,1,"No",2]
[26,"M",44,"L","I","no","no","Laminoplasty",2,"Other","lordosis",6,"no","Cyst","low","GTR","Improved","yes","no",3,1,"no",6]
[27,"F",43,"TL","I","no","no","Laminoplasty",3,"Dr. Cui ","kyphosis",3,"no","Cyst","low","GTR","Improved","yes","no",3,1,"no",3]
[28,"M",15,"CT","I","no","no","Laminoplasty",2,"Dr. Meng ","kyphosis",11,"no","Neurinoma","low","GTR","Improved","yes","no",3,1,"no",39]
[29,"M",6,"TL","I","no","no","Laminoplasty",2,"Dr. Cui ","kyphosis",6,"no","Ependymoma","High","STR","Improved","yes","no",4,1,"no",54]
[30,"M",31,"T","I","no","no","Laminoplasty",4,"Dr. Lin ","kyphosis",60,"no","glioma","high","GTR","Improved","yes","no",3,1,"no",60]
[31,"M",18,"LS","I","no","no","Laminoplasty",1,"Dr. Wu ","lordosis",3,"no","Neurinoma","low","GTR","Improved","yes","no",2,1,"no",3]
[32,"F",14,"T","I","yes","Scoliosis","Laminoplasty",8,"Dr. Lin ","Scoliosis；kyphosis",60,"no","Other","low","GTR","Improved","yes","no",3,1,"no",60]
[33,"F",42,"L","I","no","no","Laminoplasty",2,"Dr. Cui ","lordosis",3,"no","Neurinoma","low","GTR","Improved","yes","no",2,1,"No",18]
[34,"M",42,"CT","I","no","no","Laminoplasty",2,"Dr. Lin ","kyphosis",3,"no","Ependymoma","high","GTR","Improved","yes","no",2,1,"no",19]
[35,"F",42,"T","I","no","no","Laminoplasty",2,"Dr. Cui ","kyphosis",3,"no","Neurinoma","low","GTR","Improved","yes","no",2,1,"no",36]
[36,"M",15,"TL","I","no","no","Laminoplasty",2,"Dr. Cui ","kyphosis",10,"no","Neurinoma","low","GTR","Improved","yes","no",2,1,"no",10]
[37,"F",33,"T","I","no","no","Laminoplasty",1,"Dr. Lin ","kyphosis",3,"no","Angioma","low","GTR","Improved","yes","no",3,1,"No",14]
[38,"M",47,"C","I","no","no","laminectomy",2,"Dr. Cui ","kyphosis",3,"no","Other","low","GTR","Improved","yes","no",3,1,"no",6]
[39,"M",49,"C","I","no","no","laminectomy",2,"Dr. Meng ","kyphosis",6,"no","Neurinoma","low","GTR","Improved","yes","no",3,1,"no",4]
[40,"F",44,"T","I","no","no","laminectomy",2,"Dr. Lin ","kyphosis",5,"no","Meningioma","low","GTR","Improved","yes","no",2,1,"no",5]
[41,"M",46,"T","I","no","no","laminectomy",2,"Dr. Wu ","kyphosis",29,"no","Neurinoma","low","GTR","Improved","yes","no",3,2,"no",29]
[42,"M",12,"CT","I","no","no","laminectomy",3,"Dr. Gao ","lordosis",2,"no","Immature teratoma","High","GTR","Improved","yes","no",5,3,"yes",1]
[43,"F",42,"C","I","no","no","Laminoplasty",2,"Other","lordosis",3,"no","Meningioma","High","GTR","Improved","yes","no",3,1,"yes",6]